LEADER 01413nam 2200349Ia 450 001 996393640103316 005 20221108002451.0 035 $a(CKB)4940000000117615 035 $a(EEBO)2240885130 035 $a(OCoLC)13618390 035 $a(EXLCZ)994940000000117615 100 $a19860521d1682 uy | 101 0 $aeng 135 $aurbn||||a|bb| 200 14$aThe declaration of the Hungarian war$b[electronic resource] $elately set out by the most illustrious Michael Apafi, Prince of Transilvania, against the Emperour's S. Majesty : according to the Transylvanian copy, anno 1682 210 $aLondon $cPrinted for Francis Smith ...$d1682 215 $a[3], 15 p 300 $aAdded t.p. in Latin: Declaratio belli Hungarici : nuper edita a serenissimo Michaele Apafio, Principe Transylvaniae, contra S. Caesaream Majestatem : ad exemplum Transylvaniense, anno 1682. 300 $aLatin and English in parallel columns. 300 $aReproduction of original in Huntington Library. 330 $aeebo-0113 607 $aHungary$xHistory$y1526-1683$vSources 607 $aTransylvania (Romania)$xHistory$vSources 701 $aApafi Miha?ly$cPrince of Transylvania,$f1632-1690.$01021805 801 0$bEAA 801 1$bEAA 801 2$bUMI 801 2$bWaOLN 906 $aBOOK 912 $a996393640103316 996 $aThe declaration of the Hungarian War$92425936 997 $aUNISA LEADER 04610nam 2200541 a 450 001 9910974496903321 005 20251117005923.0 010 $a1-61728-146-8 035 $a(CKB)2670000000041795 035 $a(EBL)3020139 035 $a(SSID)ssj0000412815 035 $a(PQKBManifestationID)12104527 035 $a(PQKBTitleCode)TC0000412815 035 $a(PQKBWorkID)10369489 035 $a(PQKB)11373828 035 $a(MiAaPQ)EBC3020139 035 $a(Au-PeEL)EBL3020139 035 $a(CaPaEBR)ebr10675147 035 $a(OCoLC)923662768 035 $a(BIP)33697920 035 $a(BIP)23684685 035 $a(EXLCZ)992670000000041795 100 $a20080910d2009 uy 0 101 0 $aeng 135 $aur|n|---||||| 181 $ctxt 182 $cc 183 $acr 200 00$aBinge eating $epsychological factors, symptoms and treatment /$fNatalie Chambers, editor 205 $a1st ed. 210 $aNew York $cNova Science Publishers$dc2009 215 $a1 online resource (301 p.) 300 $a"Nova biomedical"--Cover. 311 08$a1-60692-242-4 320 $aIncludes bibliographical references and index. 327 $aShort communication A : on the relationship between dissociation and binge eating / Matthew Fuller-Tyszkiewicz and Alexander J. Mussap -- Short communication B : binge eating : what we can learn form multi-ethnic community samples / Fary M. Cachelin and Pamela C. Regan -- Short communication C : characteristics of binge eating in bulimia nervosa and binge eating disorder / Cortney S. Warren ... [et al.] -- Short communication C: pretreatment motivational enhancement therapy reduces drop-out rate from group cognitive behavioural therapy for bulimia nervosa outpatients : a preliminary study / Michiko Nakazato ... [et al.] -- The acquired preparedness model of risk for binge eating disorder : integrating nonspecific and specific risk processes / Jessica L. Combs and Gregory T. Smith -- Causal and maintenance factors in binge eating disorder / Christopher N. Ochner, Allan Geliebter and Eva Conceic?a?o -- Binge eating in relation to addiction : evidence from an animal model of sugar addiction / Nicole M. Avena ... [et al.] -- Hypothesized pathways from childhood emotional abuse to binge eating / Sarah Fischer and Erin Hartzell -- Binge eating symptoms in obese children and adolescent : influence of parents and effect of treatment / Barbara Hatzlhoffer Lourenc?o ... [et al.] -- Binge eating in children and adolescents / Andrea B. Goldschmidt and Denise E. Wilfley -- Psychological treatment of binge eating disorder in adults / Kelly R. Theim and Denise E. Wilfley -- Cognitive-behavioral therapy for binge eating disorder / Jennifer D. Slane and Kelley L. Klump -- Cognitive behavioral treatment for overweight, obesity and binge eating associated to antipsychotic drugs / Yasser Khazaal ... [et al.] -- How do emotions govern the binge eating decision? / Blanca Rolda?n-Ortega ... [et al.]. 330 $aBinge eating disorder (BED) is the most common eating disorder among men and women. This book centers on binge eating, which consists of episodes of uncontrollable overeating, followed by compensatory behavior (i.e., purging, fasting, heavy exercising). People who suffer from this disease often try to hide their binge-eating episodes from others, and often feel ashamed or depressed about their overeating. Many factors may contribute to binge-eating, such as dissociation, which may undermine an individual's body image, and impulsivity. This book focuses on such factors as well as the frequency with which such behaviors occur in multi-ethnic populations, and the differences in frequency rates as a function of gender and identity. The differences in binge eating and bulimia nervosa behaviors are also explained, as well as the theory that binging on some palatable foods, such as sugar, can result in addictive-like behavior. The association between emotional abuse in childhood and future binge eating episodes are explained as well as the prevalence of BE episodes in overweight or obese children or adolescents. The effectiveness of certain treatments for binge-eating are described, including cognitive behavioral therapy (CBT), motivational enhancement therapy (MET) and combined treatment. 606 $aCompulsive eating 615 0$aCompulsive eating. 676 $a616.85/26 701 $aChambers$b Natalie$01871171 801 0$bMiAaPQ 801 1$bMiAaPQ 801 2$bMiAaPQ 906 $aBOOK 912 $a9910974496903321 996 $aBinge eating$94479875 997 $aUNINA